000 00646nam a22002057a 4500
005 20241010165638.0
010 _aENG-142084
020 _a9788186772805
_c1100.00
035 _aEN-125616
037 _bDBAD
082 _a342.56
_21
100 _aSahoo, Jitendra
_972625
245 _aIndia's Constitutional Development Since the 1950's/
_cBy Jitendra Sahoo
250 _a1
260 _aNew Delhi
_bNew Academic Publishers
_c2015
270 _a4760-61/23, Ansari Road Daryaganj
_bNew Delhi
_e110002
300 _a220p.
_c22cm(Hb)
500 _aIts Socio-Political and Economic Dimensions
942 _2ddc
_cEN
_mSAH
_h342.56
999 _c206286
_d206286